Alle Länder Europas in 5 Minuten (mit Karte) - Statistiken

Allgemein
  • Dieses Quiz wurde 685 mal gespielt
  • Das Durchschnittsergebnis liegt bei 42 aus 47
Antworten auf der Karte
Die Antworten werden auf der Karte rot bzw. grün angezeigt, abhängig davon wie oft sie richtig erraten wurden.
 
Antwortstatistiken
Länder % Korrekt
Deutschland
98%
Frankreich
97%
Italien
97%
Portugal
97%
Russland
97%
Schweden
97%
Spanien
97%
Norwegen
96%
Dänemark
95%
Finnland
95%
Finnland
95%
Luxemburg
95%
Österreich
95%
Polen
95%
Schweiz
95%
Ukraine
95%
Belgien
94%
Griechenland
94%
Irland
94%
Island
94%
Niederlande
94%
Grossbritannien
93%
Belarus
92%
Tschechien
92%
Albanien
90%
Kroatien
90%
Lettland
88%
Litauen
88%
Rumänien
88%
Ungarn
88%
Liechtenstein
87%
Slowakei
87%
Slowenien
87%
Andorra
86%
Kosovo
86%
Bosnien und Herzegowina
85%
Vatikanstadt
85%
Monaco
84%
Bulgarien
83%
Serbien
82%
Nordmazedonien
79%
San Marino
78%
Malta
76%
Moldau
75%
Montenegro
71%
Zypern
69%
Türkei
46%
Keine übereinstimmenden Quizze gefunden
Verteilung der Resultate
Anzahl Personen mit jedem Resultat
Perzentil nach korrekt beantworteten Fragen
Ihre Resultats-Entwicklung
Sie haben dieses Quiz noch nicht gespielt